Gerald R. Ford International Airport (Grand Rapids, MI, USA) - Statistics

General Stats
  • This quiz has been taken 82 times
    43 since last reset
  • The average score is 31 of 38
Answer Stats
Airline Destination % Correct
Delta Air Lines/Frontier Airlines Atlanta
100%
American Airlines/American Eagle Dallas/Fort Worth
100%
Allegiant Air Los Angeles
100%
American Airlines Charlotte
97%
Southwest Airlines Chicago (Midway)
97%
American Airlines/American Eagle/United Airlines/United Express Chicago (O'Hare)
97%
Delta Air Lines/Delta Connection Detroit
97%
United Express Houston (Intercontinental)
97%
American Eagle Miami
97%
American Eagle/Delta Connection New York (LaGuardia)
97%
Delta Connection/Frontier Airlines/Southwest Airlines Orlando
97%
Allegiant Air Orlando/Sanford
97%
Southwest Airlines Baltimore
93%
Frontier Airlines/Southwest Airlines/United Airlines Denver
93%
Delta Air Lines/Delta Connection/Sun Country Airlines Minneapolis/St. Paul
93%
American Eagle Philadelphia
93%
Frontier Airlines/Southwest Airlines Tampa
93%
Allegiant Air Boston
90%
Allegiant Air/United Express Newark
90%
Allegiant Air Phoenix/Mesa
90%
American Eagle Washington (National)
90%
American Airlines Phoenix (Sky Harbor)
86%
Allegiant Air Austin
79%
Allegiant Air Fort Lauderdale
79%
Frontier Airlines/Southwest Airlines Fort Myers
79%
Allegiant Air/Southwest Airlines Las Vegas
79%
Allegiant Air Destin/Fort Walton Beach
76%
Avelo Airlines Raleigh/Durham
76%
Allegiant Air/Southwest Airlines Nashville
72%
Allegiant Air West Palm Beach
69%
Allegiant Air Punta Gorda (FL)
62%
Allegiant Air Sarasota
62%
Allegiant Air Savannah
62%
Allegiant Air Myrtle Beach
59%
Allegiant Air St. Petersburg/Clearwater
59%
Allegiant Air Portland (OR)
52%
Avelo Airlines Lakeland
10%
Allegiant Air Jacksonville (FL)
0%
No matching quizzes found
Score Distribution
Percent of People with Each Score
Percentile by Number Answered
Your Score History
You have not taken this quiz since the last reset